000 00654nam a2200217Ia 4500
005 20250508165214.0
008 008 250505s9999 xx 000 0 eng d
020 _a0 19 566727 1
037 _aTextBook
040 _aFEDL
_beng
_cFEDL
041 _aeng
_2eng
084 _a001.42, SRI/R
_qFEDL
100 _aSrivastava Vinay Kumar Ed.
_938308
245 0 _aMethodology and fieldwork
260 _aNew Delhi, India
_bOxford University Press
_c2004
300 _ax, 500p.
365 _aUSD
_b60
490 _aOxford in India Readings in Sociology and Social Anthropology
942 _cTB
_h001.42, SRI/R
999 _c1393778
_d1393778